Hechos del condestable don Miguel Lucas de Iranzo : crónica del siglo XV /
Biografía de Miguel Lucas de Iranzo, un poderoso magnate del siglo XV, que a pesar de haber sido de extracción popular, logró subir a los puestos más encumbrados de la monarquía castellana gracias a su trato cercano con el rey Enrique IV. Este volumen es un reflejo de la vida política y social de la...
Gardado en:
| Outros autores: | |
|---|---|
| Formato: | Libro |
| Idioma: | Lingua castelá |
| Publicado: |
Madrid, España :
Espasa-Calpe,
1940, c1940
|
| Series: | (Crónicas Españolas ;
3) |
| Temas: | |
| Etiquetas: |
Sen Etiquetas, Sexa o primeiro en etiquetar este rexistro!
|
MARC
| LEADER | 00000nam^a2200000^a^4500 | ||
|---|---|---|---|
| 001 | 000100193 | ||
| 005 | 20250521000000.0 | ||
| 009 | 20260310093153.279 | ||
| 037 | |a Acervo ITESO - Biblioteca | ||
| 041 | |a ESP | ||
| 082 | |a 946. |b CRO V. 3 | ||
| 240 | 1 | 1 | |a [Crónicas españolas] |
| 245 | 1 | 0 | |a Hechos del condestable don Miguel Lucas de Iranzo : |b crónica del siglo XV / |c Ed. y prelim. de J. de Mata Carriazo. |
| 264 | 4 | |a Madrid, España : |b Espasa-Calpe, |c 1940, c1940 | |
| 300 | |a LVI, 502 p. | ||
| 336 | |a texto |b txt |2 rdacontenido | ||
| 337 | |a sin mediación |b n |2 rdamedio | ||
| 338 | |a volumen |b nc |2 rdasoporte | ||
| 440 | 1 | |a (Crónicas Españolas ; |v 3) | |
| 520 | |a Biografía de Miguel Lucas de Iranzo, un poderoso magnate del siglo XV, que a pesar de haber sido de extracción popular, logró subir a los puestos más encumbrados de la monarquía castellana gracias a su trato cercano con el rey Enrique IV. Este volumen es un reflejo de la vida política y social de la época. | ||
| 649 | |a XX | ||
| 650 | |a Cortes y Cortesanos Españoles - |x Biografías | ||
| 650 | |a Nobles Españoles - |x Biografías | ||
| 650 | |a España - |x Historia - |y Reconquista | ||
| 650 | |a España - |x Historia - |y Período Arabe, 711-1492 | ||
| 700 | |a Mata Carriazo, Juan de |e (edición y preliminares) | ||
| 910 | |a Fondo Jesús Rodríguez | ||
| 920 | |a Impresos - Libros | ||
| 930 | |a Fondos Especiales | ||
| 905 | |a 113 | ||
| 901 | |a 0500036177 |b IT2 |c ESP |u 20250521 | ||
| 902 | |a https://opac.biblio.iteso.mx/vufind/Record/000100193 | ||